Weiter zum Inhalt
VuFind
Sprache
English
Deutsch
Español
Français
Italiano
日本語
Nederlands
Português
Português (Brasil)
中文(简体)
中文(繁體)
Türkçe
עברית
Gaeilge
Cymraeg
Ελληνικά
Català
Euskara
Русский
Čeština
Suomi
Svenska
polski
Dansk
slovenščina
اللغة العربية
বাংলা
Galego
Tiếng Việt
Hrvatski
हिंदी
Alle Felder
Titel
Verfasser
Schlagwort
Signatur
ISBN/ISSN
Tag
Suchen
Erweitert
Suche
Harvard Law Review
Zitieren
Als E-Mail versenden
Drucken
Datensatz exportieren
Exportieren nach RefWorks
Exportieren nach EndNoteWeb
Exportieren nach EndNote
permanent_link
Wird geladen...
Harvard Law Review
Bibliographische Detailangaben
Sprache:
English
Exemplare
Beschreibung
Ähnliche Einträge
Internformat
LEADER
00193nam a22000857a 4500
008
130215t xxu||||| |||| 00| 0 eng d
245
|a
Harvard Law Review
300
|a
-
942
|2
udc
|c
CR
|s
1
|6
_
999
|c
140564
|d
140564
Ähnliche Einträge
Harvard law review
Harvard Law Review
Veröffentlicht: (1887)
Harvard Educational Review /
Veröffentlicht: (1972)
Harvard business review
Harvard business review
Wird geladen...